[Event "8th Vellmar Chess Days"]
[Site "chess24.com"]
[Date "2016.07.31"]
[Round "6"]
[White "Guelsen, Taylan"]
[Black "Bethke, Richard"]
[Result "1-0"]
[Board "20"]
[WhiteElo "2063"]
[WhiteCountry "GER"]
[WhiteFideId "24603635"]
[WhiteEloChange "4"]
[BlackElo "1800"]
[BlackCountry "GER"]
[BlackFideId "12959243"]
[BlackEloChange "-4"]

1. Nf3 {[%clk 1:23:40]} d5 {[%clk 1:30:51]} 2. c4 {[%clk 1:24:04]} e6 {[%clk
1:31:17]} 3. g3 {[%clk 1:24:25]} Nf6 {[%clk 1:31:40]} 4. b3 {[%clk 1:24:40]} Be7
{[%clk 1:32:05]} 5. Bg2 {[%clk 1:25:00]} b6 {[%clk 1:32:27]} 6. O-O {[%clk
1:25:16]} O-O {[%clk 1:32:48]} 7. d4 {[%clk 1:24:58]} Bb7 {[%clk 1:33:07]} 8. Ne5
{[%clk 1:24:06]} Nbd7 {[%clk 1:33:25]} 9. Bb2 {[%clk 1:23:34]} c5 {[%clk
1:33:33]} 10. e3 {[%clk 1:22:26]} Qc7 {[%clk 1:33:30]} 11. Nxd7 {[%clk 1:22:10]}
Nxd7 {[%clk 1:33:44]} 12. cxd5 {[%clk 1:22:21]} exd5 {[%clk 1:32:49]} 13. dxc5
{[%clk 1:22:33]} Qxc5 {[%clk 1:32:27]} 14. Ba3 {[%clk 1:22:48]} Qxa3 {[%clk
1:32:05]} 15. Nxa3 {[%clk 1:23:11]} Bxa3 {[%clk 1:32:29]} 16. Bxd5 {[%clk
1:23:31]} Bxd5 {[%clk 1:32:29]} 17. Qxd5 {[%clk 1:23:56]} Nf6 {[%clk 1:32:49]}
18. Qf5 {[%clk 1:23:36]} Rac8 {[%clk 1:33:00]} 19. Rad1 {[%clk 1:22:47]} Rc5
{[%clk 1:33:06]} 20. Qd3 {[%clk 1:22:42]} Bb2 {[%clk 1:32:52]} 21. Rd2 {[%clk
1:22:26]} Be5 {[%clk 1:33:02]} 22. f4 {[%clk 1:21:49]} Bc7 {[%clk 1:33:13]} 23.
e4 {[%clk 1:22:07]} b5 {[%clk 1:32:24]} 24. Rc2 {[%clk 1:21:50]} Bb6 {[%clk
1:32:36]} 25. Rxc5 {[%clk 1:22:11]} Bxc5+ {[%clk 1:32:58]} 26. Kh1 {[%clk
1:21:48]} Ng4 {[%clk 1:32:50]} 27. Qxb5 {[%clk 1:21:44]} Bb6 {[%clk 1:32:57]} 28.
e5 {[%clk 1:19:51]} h6 {[%clk 1:32:49]} 29. h3 {[%clk 1:20:11]} Ne3 {[%clk
1:33:12]} 30. Re1 {[%clk 1:19:07]} Rd8 {[%clk 1:32:55]} 31. a4 {[%clk 1:19:23]}
Nf5 {[%clk 1:32:48]} 32. g4 {[%clk 1:19:19]} Nh4 {[%clk 1:32:42]} 33. Qe2 {[%clk
1:17:21]} Ng6 {[%clk 1:31:59]} 34. f5 {[%clk 1:17:20]} Nf4 {[%clk 1:31:23]} 35.
Qf3 {[%clk 1:16:32]} Nd3 {[%clk 1:30:28]} 36. Re2 {[%clk 1:16:56]} Nc1 {[%clk
1:29:45]} 37. Rc2 {[%clk 1:17:05]} Nd3 {[%clk 1:29:34]} 38. Rd2 {[%clk 1:16:44]}
Nf2+ {[%clk 1:20:13]} 39. Rxf2 {[%clk 1:16:47]} Bxf2 {[%clk 1:19:53]} 40. Qxf2
{[%clk 1:17:13]} Rd3 {[%clk 1:19:55]} 41. b4 {[%clk 1:17:19]} Rxh3+ {[%clk
1:20:10]} 42. Kg2 {[%clk 1:17:43]} Rb3 {[%clk 1:20:19]} 43. e6 {[%clk 1:17:56]}
fxe6 {[%clk 1:20:23]} 44. fxe6 {[%clk 1:18:21]} Rxb4 {[%clk 1:20:38]} 45. e7
{[%clk 1:18:43]} Rxg4+ {[%clk 1:20:45]} 46. Kh3 {[%clk 1:19:06]} Re4 {[%clk
1:20:00]} 47. Qf8+ {[%clk 1:19:28]} Kh7 {[%clk 1:20:15]} 48. Qf5+ {[%clk
1:19:51]} 1-0

[Event "8th Vellmar Chess Days"]
[Site "chess24.com"]
[Date "2016.07.31"]
[Round "6"]
[White "Gorzinski, Dariusz"]
[Black "Poelig, Juergen"]
[Result "1/2-1/2"]
[Board "21"]
[WhiteElo "2047"]
[WhiteCountry "GER"]
[WhiteFideId "1271836"]
[WhiteEloChange "-5"]
[BlackElo "1874"]
[BlackCountry "GER"]
[BlackFideId "24661686"]
[BlackEloChange "5"]

1. e4 {[%clk 1:30:56]} e6 {[%clk 1:30:55]} 2. d4 {[%clk 1:31:22]} d5 {[%clk
1:31:20]} 3. e5 {[%clk 1:31:49]} c5 {[%clk 1:31:42]} 4. c3 {[%clk 1:32:18]} Nc6
{[%clk 1:32:05]} 5. Nf3 {[%clk 1:32:41]} Nh6 {[%clk 1:31:40]} 6. Bxh6 {[%clk
1:24:33]} gxh6 {[%clk 1:32:08]} 7. Bd3 {[%clk 1:24:53]} cxd4 {[%clk 1:31:18]} 8.
cxd4 {[%clk 1:24:13]} Bg7 {[%clk 1:28:29]} 9. Nc3 {[%clk 1:23:53]} O-O {[%clk
1:25:42]} 10. Rc1 {[%clk 1:16:59]} f6 {[%clk 1:24:01]} 11. exf6 {[%clk 1:10:51]}
Qxf6 {[%clk 1:23:16]} 12. Ne2 {[%clk 1:10:35]} e5 {[%clk 1:17:46]} 1/2-1/2

[Event "8th Vellmar Chess Days"]
[Site "chess24.com"]
[Date "2016.07.31"]
[Round "6"]
[White "Langjahr, Marius"]
[Black "Buschle, Lukas"]
[Result "1/2-1/2"]
[Board "22"]
[WhiteElo "1812"]
[WhiteCountry "GER"]
[WhiteFideId "12974625"]
[WhiteEloChange "6"]
[BlackElo "2042"]
[BlackCountry "GER"]
[BlackFideId "12923931"]
[BlackEloChange "-6"]

1. d4 {[%clk 1:30:18]} Nf6 {[%clk 1:30:21]} 2. c4 {[%clk 1:30:24]} e6 {[%clk
1:30:47]} 3. Nf3 {[%clk 1:30:34]} Bb4+ {[%clk 1:31:12]} 4. Bd2 {[%clk 1:30:33]}
Qe7 {[%clk 1:31:31]} 5. Nc3 {[%clk 1:30:26]} O-O {[%clk 1:30:12]} 6. e3 {[%clk
1:28:39]} b6 {[%clk 1:29:51]} 7. Bd3 {[%clk 1:25:11]} Bb7 {[%clk 1:29:34]} 8. O-O
{[%clk 1:24:23]} d6 {[%clk 1:25:30]} 9. a3 {[%clk 1:14:49]} Bxc3 {[%clk 1:25:54]}
10. Bxc3 {[%clk 1:15:15]} Ne4 {[%clk 1:13:33]} 11. Nd2 {[%clk 1:07:36]} Nxc3
{[%clk 1:10:12]} 12. bxc3 {[%clk 1:07:54]} Nd7 {[%clk 1:09:06]} 13. f3 {[%clk
1:05:08]} e5 {[%clk 1:04:56]} 14. Re1 {[%clk 0:54:30]} Rfe8 {[%clk 1:00:02]} 15.
Be4 {[%clk 0:44:22]} Bxe4 {[%clk 0:56:02]} 16. Nxe4 {[%clk 0:44:04]} f5 {[%clk
0:49:49]} 17. Nf2 {[%clk 0:37:39]} g6 {[%clk 0:44:24]} 18. e4 {[%clk 0:31:24]} f4
{[%clk 0:42:27]} 19. Qb3 {[%clk 0:25:47]} Kg7 {[%clk 0:39:22]} 20. Red1 {[%clk
0:25:11]} g5 {[%clk 0:32:14]} 21. Nd3 {[%clk 0:20:59]} a5 {[%clk 0:32:32]} 22.
Qb5 {[%clk 0:19:13]} Red8 {[%clk 0:25:26]} 1/2-1/2

[Event "8th Vellmar Chess Days"]
[Site "chess24.com"]
[Date "2016.07.31"]
[Round "6"]
[White "Doerge, Sven"]
[Black "Pubantz, Jan"]
[Result "1-0"]
[Board "23"]
[WhiteElo "2039"]
[WhiteCountry "GER"]
[WhiteFideId "24657638"]
[WhiteEloChange "3"]
[BlackElo "1723"]
[BlackCountry "GER"]
[BlackFideId "12996114"]
[BlackEloChange "-3"]

1. e4 {[%clk 1:30:55]} g6 {[%clk 1:30:55]} 2. d4 {[%clk 1:31:16]} Bg7 {[%clk
1:31:19]} 3. c3 {[%clk 1:30:55]} d6 {[%clk 1:31:04]} 4. Bg5 {[%clk 1:31:04]} Nf6
{[%clk 1:25:59]} 5. Nd2 {[%clk 1:31:24]} O-O {[%clk 1:25:18]} 6. f4 {[%clk
1:31:04]} c5 {[%clk 1:12:12]} 7. dxc5 {[%clk 1:30:35]} dxc5 {[%clk 1:12:25]} 8.
Qc2 {[%clk 1:29:55]} Qc7 {[%clk 1:07:59]} 9. Bc4 {[%clk 1:27:49]} h6 {[%clk
0:56:15]} 10. Bxf6 {[%clk 1:25:54]} Bxf6 {[%clk 0:55:39]} 11. Ne2 {[%clk
1:25:23]} Nc6 {[%clk 0:53:22]} 12. a3 {[%clk 1:24:14]} a6 {[%clk 0:50:52]} 13.
O-O {[%clk 1:16:47]} b5 {[%clk 0:47:19]} 14. Bd5 {[%clk 1:14:24]} e6 {[%clk
0:44:53]} 15. Ba2 {[%clk 1:14:44]} Qb6 {[%clk 0:39:54]} 16. Ng3 {[%clk 1:11:42]}
Rd8 {[%clk 0:30:15]} 17. f5 {[%clk 1:07:28]} exf5 {[%clk 0:28:25]} 18. exf5
{[%clk 1:07:23]} g5 {[%clk 0:27:40]} 19. Nde4 {[%clk 1:05:55]} c4+ {[%clk
0:27:08]} 20. Kh1 {[%clk 1:06:04]} Ne7 {[%clk 0:25:09]} 21. Rae1 {[%clk 1:05:35]}
Nd5 {[%clk 0:25:03]} 22. Bb1 {[%clk 1:05:26]} Bb7 {[%clk 0:24:21]} 23. Nh5 {[%clk
1:04:04]} Rac8 {[%clk 0:21:49]} 24. Nexf6+ {[%clk 0:52:05]} Nxf6 {[%clk 0:22:09]}
25. Re6 {[%clk 0:52:18]} fxe6 {[%clk 0:19:17]} 26. Nxf6+ {[%clk 0:46:35]} Kf7
{[%clk 0:17:07]} 27. fxe6+ {[%clk 0:46:09]} Kxe6 {[%clk 0:17:22]} 28. Qg6 {[%clk
0:45:39]} Qc6 {[%clk 0:16:38]} 29. Nd5+ {[%clk 0:45:39]} 1-0

[Event "8th Vellmar Chess Days"]
[Site "chess24.com"]
[Date "2016.07.31"]
[Round "6"]
[White "Lutz, Ruben"]
[Black "Luebeck, Stephan, Dr."]
[Result "1/2-1/2"]
[Board "24"]
[WhiteElo "1733"]
[WhiteCountry "GER"]
[WhiteFideId "12975974"]
[WhiteEloChange "7"]
[BlackElo "2009"]
[BlackCountry "GER"]
[BlackFideId "12945269"]
[BlackEloChange "-7"]

1. d4 {[%clk 1:30:58]} g6 {[%clk 1:30:56]} 2. Nf3 {[%clk 1:31:06]} Bg7 {[%clk
1:31:09]} 3. c3 {[%clk 1:31:06]} d6 {[%clk 1:31:34]} 4. Bg5 {[%clk 1:29:45]} Nc6
{[%clk 1:31:22]} 5. Nbd2 {[%clk 1:29:00]} h6 {[%clk 1:31:42]} 6. Bh4 {[%clk
1:21:16]} g5 {[%clk 1:31:26]} 7. Bg3 {[%clk 1:21:40]} e5 {[%clk 1:31:43]} 8. dxe5
{[%clk 1:19:12]} dxe5 {[%clk 1:31:29]} 9. e4 {[%clk 1:18:49]} Nge7 {[%clk
1:31:52]} 10. Be2 {[%clk 1:16:55]} Be6 {[%clk 1:31:48]} 11. O-O {[%clk 1:16:35]}
Ng6 {[%clk 1:30:43]} 12. Nc4 {[%clk 1:10:05]} Nf4 {[%clk 1:29:24]} 13. Bxf4
{[%clk 1:07:49]} exf4 {[%clk 1:29:02]} 14. Qb3 {[%clk 0:55:35]} Rb8 {[%clk
1:28:51]} 15. Rad1 {[%clk 0:47:11]} Qe7 {[%clk 1:27:31]} 16. Qc2 {[%clk 0:46:48]}
b5 {[%clk 1:25:46]} 17. Na3 {[%clk 0:42:01]} a6 {[%clk 1:21:51]} 18. Nd4 {[%clk
0:38:38]} Ne5 {[%clk 1:19:49]} 19. Nxe6 {[%clk 0:18:45]} fxe6 {[%clk 1:19:04]}
20. Bh5+ {[%clk 0:16:07]} Kf8 {[%clk 1:18:50]} 21. Qe2 {[%clk 0:15:11]} Bf6
{[%clk 1:18:58]} 22. Nc2 {[%clk 0:14:01]} Rg8 {[%clk 1:11:50]} 23. h3 {[%clk
0:13:56]} Kg7 {[%clk 1:04:07]} 24. Nd4 {[%clk 0:13:15]} Rbd8 {[%clk 0:30:22]} 25.
Bg4 {[%clk 0:12:49]} Rd6 {[%clk 0:30:29]} 26. Bxe6 {[%clk 0:11:39]} Rxd4 {[%clk
0:27:37]} 27. cxd4 {[%clk 0:12:02]} f3 {[%clk 0:27:09]} 28. gxf3 {[%clk 0:10:26]}
Qxe6 {[%clk 0:27:13]} 29. dxe5 {[%clk 0:10:45]} Bxe5 {[%clk 0:27:33]} 30. Kg2
{[%clk 0:10:04]} Rf8 {[%clk 0:25:23]} 31. b3 {[%clk 0:06:35]} Rf7 {[%clk
0:14:49]} 32. Rd5 {[%clk 0:05:25]} c6 {[%clk 0:14:51]} 33. Rd3 {[%clk 0:05:27]}
h5 {[%clk 0:12:08]} 34. Rfd1 {[%clk 0:04:34]} Qf6 {[%clk 0:10:27]} 35. Qe3 {[%clk
0:03:41]} Bf4 {[%clk 0:09:33]} 36. Qd4 {[%clk 0:03:35]} Be5 {[%clk 0:09:58]} 37.
Qe3 {[%clk 0:03:32]} Bf4 {[%clk 0:10:16]} 38. Qd4 {[%clk 0:02:07]} Be5 {[%clk
0:10:45]} 1/2-1/2

[Event "8th Vellmar Chess Days"]
[Site "chess24.com"]
[Date "2016.07.31"]
[Round "6"]
[White "Henkemeier, Michael"]
[Black "Ding, Linlin"]
[Result "1-0"]
[Board "25"]
[WhiteElo "1942"]
[WhiteCountry "GER"]
[WhiteFideId "24611379"]
[WhiteEloChange "16"]
[BlackElo "2199"]
[BlackCountry "CHN"]
[BlackFideId "8601267"]
[BlackEloChange "-16"]

1. d4 {[%clk 1:30:54]} Nf6 {[%clk 1:30:47]} 2. Nf3 {[%clk 1:31:20]} d6 {[%clk
1:31:11]} 3. c4 {[%clk 1:30:15]} g6 {[%clk 1:31:35]} 4. Nc3 {[%clk 1:30:34]} Bg7
{[%clk 1:31:35]} 5. e4 {[%clk 1:28:24]} O-O {[%clk 1:31:55]} 6. Be2 {[%clk
1:28:50]} Nbd7 {[%clk 1:32:13]} 7. O-O {[%clk 1:29:13]} e5 {[%clk 1:32:35]} 8.
dxe5 {[%clk 1:28:04]} dxe5 {[%clk 1:32:55]} 9. Bg5 {[%clk 1:24:14]} c6 {[%clk
1:32:53]} 10. Qc2 {[%clk 1:21:46]} Qc7 {[%clk 1:32:45]} 11. Rad1 {[%clk 1:21:08]}
Nc5 {[%clk 1:31:27]} 12. Be3 {[%clk 1:17:14]} Ne6 {[%clk 1:31:19]} 13. h3 {[%clk
1:14:14]} Nh5 {[%clk 1:31:05]} 14. c5 {[%clk 1:10:06]} Qe7 {[%clk 1:26:48]} 15.
b4 {[%clk 1:08:12]} Nef4 {[%clk 1:26:23]} 16. Kh2 {[%clk 0:55:28]} Be6 {[%clk
1:23:43]} 17. Rd6 {[%clk 0:51:20]} a5 {[%clk 1:22:15]} 18. b5 {[%clk 0:43:02]}
Nxe2 {[%clk 1:20:38]} 19. Qxe2 {[%clk 0:40:43]} Nf4 {[%clk 1:21:02]} 20. Bxf4
{[%clk 0:38:08]} exf4 {[%clk 1:21:25]} 21. e5 {[%clk 0:36:13]} Rac8 {[%clk
1:21:09]} 22. b6 {[%clk 0:22:10]} Bd5 {[%clk 1:16:39]} 23. Nxd5 {[%clk 0:19:21]}
cxd5 {[%clk 1:17:05]} 24. Rxd5 {[%clk 0:19:20]} Rxc5 {[%clk 1:17:28]} 25. Rfd1
{[%clk 0:19:31]} Rxd5 {[%clk 1:10:21]} 26. Rxd5 {[%clk 0:19:55]} Qb4 {[%clk
1:10:41]} 27. Rd7 {[%clk 0:16:13]} Qxb6 {[%clk 1:10:10]} 28. Qe4 {[%clk 0:14:46]}
Qxf2 {[%clk 1:08:34]} 29. Qxf4 {[%clk 0:13:32]} Qxa2 {[%clk 1:08:32]} 30. Rxb7
{[%clk 0:13:53]} Re8 {[%clk 1:08:13]} 31. Ra7 {[%clk 0:13:51]} Qd5 {[%clk
1:06:38]} 32. Kg1 {[%clk 0:10:21]} Bxe5 {[%clk 0:58:18]} 33. Nxe5 {[%clk
0:06:13]} Qc5+ {[%clk 0:57:28]} 34. Qf2 {[%clk 0:06:25]} Qxf2+ {[%clk 0:57:40]}
35. Kxf2 {[%clk 0:06:50]} Rxe5 {[%clk 0:57:40]} 1-0

[Event "8th Vellmar Chess Days"]
[Site "chess24.com"]
[Date "2016.07.31"]
[Round "6"]
[White "Schellen, Sven"]
[Black "Bergauz, Avigdor"]
[Result "1/2-1/2"]
[Board "26"]
[WhiteElo "1801"]
[WhiteCountry "GER"]
[WhiteFideId "24674885"]
[WhiteEloChange "8"]
[BlackElo "2153"]
[BlackCountry "GER"]
[BlackFideId "12943770"]
[BlackEloChange "-8"]

1. d4 {[%clk 1:30:22]} Nf6 {[%clk 1:08:13]} 2. c4 {[%clk 1:29:01]} c5 {[%clk
1:07:40]} 3. Nf3 {[%clk 1:29:24]} e6 {[%clk 1:06:32]} 4. Nc3 {[%clk 1:29:47]} d5
{[%clk 1:06:53]} 5. cxd5 {[%clk 1:30:11]} Nxd5 {[%clk 1:07:21]} 6. e4 {[%clk
1:30:05]} Nxc3 {[%clk 1:05:58]} 7. bxc3 {[%clk 1:30:30]} Be7 {[%clk 1:05:44]} 8.
Be2 {[%clk 1:23:12]} O-O {[%clk 1:05:46]} 9. O-O {[%clk 1:23:30]} b6 {[%clk
1:05:11]} 10. Re1 {[%clk 1:21:31]} Bb7 {[%clk 1:05:05]} 11. Bf1 {[%clk 1:21:55]}
Qc7 {[%clk 1:00:55]} 12. Qb3 {[%clk 1:18:04]} Nc6 {[%clk 1:00:49]} 13. g3 {[%clk
1:13:37]} Na5 {[%clk 0:55:24]} 14. Qb2 {[%clk 1:08:45]} Rac8 {[%clk 0:48:34]} 15.
Bf4 {[%clk 1:08:45]} Bd6 {[%clk 0:49:32]} 16. Bxd6 {[%clk 1:06:17]} Qxd6 {[%clk
0:49:32]} 17. Rad1 {[%clk 1:06:01]} cxd4 {[%clk 0:47:25]} 18. cxd4 {[%clk
1:01:35]} f5 {[%clk 0:46:09]} 19. e5 {[%clk 0:59:34]} Qd5 {[%clk 0:43:48]} 20.
Bg2 {[%clk 0:59:58]} Rfd8 {[%clk 0:38:44]} 21. Nh4 {[%clk 0:58:52]} Qd7 {[%clk
0:34:39]} 22. Bxb7 {[%clk 0:54:49]} Qxb7 {[%clk 0:30:07]} 23. Ng2 {[%clk
0:53:47]} g5 {[%clk 0:30:36]} 24. Ne3 {[%clk 0:53:53]} Nc4 {[%clk 0:28:05]} 25.
Qe2 {[%clk 0:52:15]} Nxe3 {[%clk 0:27:58]} 26. Qxe3 {[%clk 0:51:04]} Qe7 {[%clk
0:28:26]} 27. Rc1 {[%clk 0:50:44]} Rb8 {[%clk 0:23:32]} 28. Rc3 {[%clk 0:43:22]}
Rb7 {[%clk 0:23:18]} 29. Rec1 {[%clk 0:43:18]} Rbd7 {[%clk 0:23:14]} 30. Rc8
{[%clk 0:41:14]} Kf7 {[%clk 0:22:55]} 31. Rxd8 {[%clk 0:39:29]} Qxd8 {[%clk
0:23:24]} 32. Qc3 {[%clk 0:39:07]} Rxd4 {[%clk 0:22:42]} 33. Qc7+ {[%clk
0:39:10]} Qd7 {[%clk 0:21:59]} 34. Qb8 {[%clk 0:39:07]} Rd1+ {[%clk 0:15:57]} 35.
Rxd1 {[%clk 0:36:48]} Qxd1+ {[%clk 0:16:26]} 36. Kg2 {[%clk 0:37:11]} Qd5+ {[%clk
0:16:54]} 37. Kg1 {[%clk 0:36:16]} Qd1+ {[%clk 0:17:22]} 38. Kg2 {[%clk 0:36:37]}
Qd5+ {[%clk 0:17:51]} 39. Kg1 {[%clk 0:36:53]} Qxa2 {[%clk 0:18:10]} 40. Qh8
{[%clk 0:35:48]} g4 {[%clk 0:16:14]} 41. Qxh7+ {[%clk 0:34:35]} Ke8 {[%clk
0:16:44]} 42. Qc7 {[%clk 0:33:09]} Qb1+ {[%clk 0:12:15]} 43. Kg2 {[%clk 0:33:09]}
Qe4+ {[%clk 0:12:44]} 44. Kg1 {[%clk 0:33:10]} Qd5 {[%clk 0:08:25]} 45. Qb8+
{[%clk 0:31:33]} Kd7 {[%clk 0:07:42]} 46. Qxa7+ {[%clk 0:31:12]} Kc6 {[%clk
0:08:11]} 47. Qa8+ {[%clk 0:25:25]} Kb5 {[%clk 0:31:00]} 48. Qxd5+ {[%clk
0:45:03]} exd5 {[%clk 0:31:29]} 49. f4 {[%clk 0:45:25]} Kc6 {[%clk 0:12:11]} 50.
Kf2 {[%clk 0:45:43]} b5 {[%clk 0:12:02]} 51. Ke3 {[%clk 0:46:07]} Kc5 {[%clk
0:11:16]} 52. Kd3 {[%clk 0:46:17]} b4 {[%clk 0:11:30]} 53. Kc2 {[%clk 0:46:34]}
d4 {[%clk 0:10:26]} 54. Kb3 {[%clk 0:33:33]} d3 {[%clk 0:10:41]} 55. Kb2 {[%clk
0:33:46]} Kb5 {[%clk 0:03:41]} 56. Kb3 {[%clk 0:34:02]} 1/2-1/2

[Event "8th Vellmar Chess Days"]
[Site "chess24.com"]
[Date "2016.07.31"]
[Round "6"]
[White "Schnegelsberg, Karl-Heinz"]
[Black "Woelk, Tom-Frederic"]
[Result "1/2-1/2"]
[Board "27"]
[WhiteElo "1990"]
[WhiteCountry "GER"]
[WhiteFideId "4653335"]
[WhiteEloChange "-1"]
[BlackElo "1943"]
[BlackCountry "GER"]
[BlackFideId "12993077"]
[BlackEloChange "1"]

1. e4 {[%clk 1:30:59]} c5 {[%clk 1:30:59]} 2. Nf3 {[%clk 1:31:04]} d6 {[%clk
1:31:22]} 3. g3 {[%clk 1:31:06]} Nf6 {[%clk 1:30:17]} 4. d3 {[%clk 1:31:30]} g6
{[%clk 1:30:34]} 5. Bg2 {[%clk 1:31:37]} Bg7 {[%clk 1:30:55]} 6. O-O {[%clk
1:31:59]} O-O {[%clk 1:31:16]} 7. Nbd2 {[%clk 1:28:39]} Nc6 {[%clk 1:29:40]} 8.
a4 {[%clk 1:27:05]} Qc7 {[%clk 1:27:17]} 9. Nc4 {[%clk 1:27:03]} Bd7 {[%clk
1:23:27]} 10. h3 {[%clk 1:23:17]} Nd4 {[%clk 1:19:45]} 11. Nxd4 {[%clk 1:20:54]}
cxd4 {[%clk 1:20:10]} 12. b3 {[%clk 1:20:42]} Bc6 {[%clk 1:16:52]} 13. Re1 {[%clk
1:16:11]} Rfe8 {[%clk 1:13:15]} 14. Bd2 {[%clk 1:09:05]} d5 {[%clk 1:07:54]} 15.
Na5 {[%clk 1:04:47]} dxe4 {[%clk 1:06:41]} 16. Nxc6 {[%clk 1:05:06]} Qxc6 {[%clk
1:07:04]} 17. dxe4 {[%clk 1:01:20]} e5 {[%clk 1:04:56]} 18. Bg5 {[%clk 0:55:13]}
Rac8 {[%clk 1:02:37]} 19. Rc1 {[%clk 0:54:08]} h6 {[%clk 1:00:09]} 20. Bd2 {[%clk
0:54:13]} Red8 {[%clk 0:58:03]} 21. Bf1 {[%clk 0:49:16]} a6 {[%clk 0:50:12]} 22.
a5 {[%clk 0:47:46]} Bf8 {[%clk 0:47:53]} 23. Bd3 {[%clk 0:47:00]} Kg7 {[%clk
0:40:09]} 24. Ra1 {[%clk 0:47:15]} Ne8 {[%clk 0:35:26]} 25. Qf3 {[%clk 0:43:40]}
Nd6 {[%clk 0:34:09]} 26. Ra4 {[%clk 0:43:37]} Nb5 {[%clk 0:34:04]} 27. Rc4 {[%clk
0:43:22]} Qd7 {[%clk 0:33:42]} 28. Rxc8 {[%clk 0:41:09]} Rxc8 {[%clk 0:34:07]}
29. Qg4 {[%clk 0:37:39]} Qxg4 {[%clk 0:31:01]} 30. hxg4 {[%clk 0:38:07]} Nc3
{[%clk 0:28:39]} 31. Kg2 {[%clk 0:38:19]} Bb4 {[%clk 0:28:54]} 32. Ra1 {[%clk
0:37:52]} Rc5 {[%clk 0:28:47]} 33. Rh1 {[%clk 0:36:53]} g5 {[%clk 0:28:42]} 34.
f4 {[%clk 0:33:30]} f6 {[%clk 0:28:40]} 35. Ra1 {[%clk 0:31:22]} Rxa5 {[%clk
0:25:13]} 36. Bxc3 {[%clk 0:30:54]} Bxc3 {[%clk 0:25:18]} 37. Rxa5 {[%clk
0:29:51]} Bxa5 {[%clk 0:25:44]} 38. Bc4 {[%clk 0:29:53]} Bc3 {[%clk 0:26:00]} 39.
Bd5 {[%clk 0:29:25]} b6 {[%clk 0:26:12]} 40. Bb7 {[%clk 0:29:21]} a5 {[%clk
0:26:38]} 41. Kf3 {[%clk 0:28:36]} Kf7 {[%clk 0:21:50]} 42. fxg5 {[%clk 0:23:45]}
fxg5 {[%clk 0:21:12]} 43. Ke2 {[%clk 0:23:58]} Ke6 {[%clk 0:20:30]} 44. Kd3
{[%clk 0:24:02]} Kd6 {[%clk 0:20:31]} 45. Kc4 {[%clk 0:24:11]} Be1 {[%clk
0:20:47]} 46. Bd5 {[%clk 0:23:37]} Bxg3 {[%clk 0:19:41]} 47. Kb5 {[%clk 0:22:35]}
Kc7 {[%clk 0:12:05]} 48. Bf7 {[%clk 0:21:32]} Be1 {[%clk 0:11:36]} 49. Be8 {[%clk
0:21:18]} Bb4 {[%clk 0:12:00]} 50. Bh5 {[%clk 0:21:24]} Bc5 {[%clk 0:12:24]} 51.
Bg6 {[%clk 0:21:06]} Kd6 {[%clk 0:12:43]} 52. Bh5 {[%clk 0:20:43]} Ke7 {[%clk
0:12:34]} 1/2-1/2

[Event "8th Vellmar Chess Days"]
[Site "chess24.com"]
[Date "2016.07.31"]
[Round "6"]
[White "Reichenbaecher, Thomas"]
[Black "Hansult, Manfred"]
[Result "1-0"]
[Board "28"]
[WhiteElo "1975"]
[WhiteCountry "GER"]
[WhiteFideId "4643402"]
[WhiteEloChange "7"]
[BlackElo "1886"]
[BlackCountry "GER"]
[BlackFideId "4677030"]
[BlackEloChange "-7"]

1. c4 {[%clk 1:30:59]} c6 {[%clk 1:25:48]} 2. Nf3 {[%clk 1:29:08]} d5 {[%clk
1:25:30]} 3. g3 {[%clk 1:29:09]} Nf6 {[%clk 1:25:18]} 4. d4 {[%clk 1:29:33]} e6
{[%clk 1:22:24]} 5. Bg2 {[%clk 1:27:45]} Bd6 {[%clk 1:21:47]} 6. O-O {[%clk
1:28:06]} O-O {[%clk 1:21:27]} 7. Nc3 {[%clk 1:27:58]} Nbd7 {[%clk 1:20:34]} 8.
Nd2 {[%clk 1:27:46]} Re8 {[%clk 1:17:42]} 9. e4 {[%clk 1:26:45]} Nxe4 {[%clk
1:15:48]} 10. Ndxe4 {[%clk 1:26:56]} dxe4 {[%clk 1:16:01]} 11. Nxe4 {[%clk
1:27:20]} Be7 {[%clk 1:15:29]} 12. Be3 {[%clk 1:25:04]} Nf6 {[%clk 1:12:34]} 13.
Qc2 {[%clk 1:22:02]} Ng4 {[%clk 1:02:04]} 14. Rad1 {[%clk 1:20:36]} Nxe3 {[%clk
1:02:06]} 15. fxe3 {[%clk 1:21:03]} f5 {[%clk 1:00:40]} 16. Nc3 {[%clk 1:21:13]}
Bf6 {[%clk 0:58:57]} 17. Kh1 {[%clk 1:19:33]} Qc7 {[%clk 0:47:15]} 18. e4 {[%clk
1:01:55]} b6 {[%clk 0:37:55]} 19. b3 {[%clk 0:56:35]} g6 {[%clk 0:35:47]} 20. d5
{[%clk 0:51:33]} Bb7 {[%clk 0:22:26]} 21. dxe6 {[%clk 0:48:38]} Qe5 {[%clk
0:17:45]} 22. Ne2 {[%clk 0:48:17]} c5 {[%clk 0:16:26]} 23. Nf4 {[%clk 0:48:12]}
Bxe4 {[%clk 0:09:48]} 24. Bxe4 {[%clk 0:48:27]} Qxe4+ {[%clk 0:08:39]} 25. Qxe4
{[%clk 0:48:51]} fxe4 {[%clk 0:08:51]} 26. Rde1 {[%clk 0:46:59]} Bg5 {[%clk
0:02:06]} 27. Nd5 {[%clk 0:42:55]} Rxe6 {[%clk 0:01:12]} 28. Nc7 {[%clk 0:43:24]}
Rae8 {[%clk 0:01:34]} 29. Nxe6 {[%clk 0:43:11]} Rxe6 {[%clk 0:01:57]} 30. Re2
{[%clk 0:43:40]} e3 {[%clk 0:01:31]} 31. Rd1 {[%clk 0:43:28]} Re7 {[%clk
0:01:42]} 32. Rd3 {[%clk 0:43:13]} h5 {[%clk 0:01:26]} 33. a3 {[%clk 0:42:49]}
Kf7 {[%clk 0:01:26]} 34. Rd5 {[%clk 0:42:25]} Bf6 {[%clk 0:01:26]} 35. Kg2 {[%clk
0:42:18]} Bd4 {[%clk 0:01:42]} 36. Kf3 {[%clk 0:42:41]} Kf6 {[%clk 0:01:40]} 37.
Re1 {[%clk 0:42:30]} Kf7 {[%clk 0:00:45]} 38. Ke2 {[%clk 0:41:34]} Kg7 {[%clk
0:00:58]} 39. Rf1 {[%clk 0:41:56]} Bf6 {[%clk 0:01:09]} 40. Rf4 {[%clk 0:36:24]}
Bb2 {[%clk 0:00:40]} 41. a4 {[%clk 0:36:24]} Bc3 {[%clk 0:00:47]} 42. Rf3 {[%clk
0:33:23]} Bd4 {[%clk 0:27:34]} 43. h4 {[%clk 1:04:34]} Kg8 {[%clk 0:26:12]} 44.
Rf4 {[%clk 1:04:35]} Bc3 {[%clk 0:25:33]} 45. Rd3 {[%clk 1:04:56]} Bd2 {[%clk
0:25:36]} 46. Rf6 {[%clk 1:04:06]} Kg7 {[%clk 0:25:53]} 47. Rdd6 {[%clk 1:04:28]}
Bc3 {[%clk 0:18:23]} 48. Rfe6 {[%clk 1:04:10]} Rf7 {[%clk 0:18:16]} 49. Rxe3
{[%clk 1:04:20]} Bd4 {[%clk 0:18:28]} 50. Rf3 {[%clk 1:04:21]} Re7+ {[%clk
0:18:45]} 51. Kd3 {[%clk 1:04:33]} Kh6 {[%clk 0:18:41]} 52. a5 {[%clk 1:03:22]}
bxa5 {[%clk 0:18:45]} 53. Rxd4 {[%clk 1:02:56]} cxd4 {[%clk 0:18:37]} 54. Kxd4
{[%clk 1:03:23]} g5 {[%clk 0:17:02]} 55. Rf6+ {[%clk 1:03:23]} Kg7 {[%clk
0:17:21]} 56. hxg5 {[%clk 1:03:52]} Rb7 {[%clk 0:17:26]} 57. Rf3 {[%clk 1:03:29]}
Kg6 {[%clk 0:17:42]} 58. c5 {[%clk 1:03:50]} Kxg5 {[%clk 0:18:00]} 59. c6 {[%clk
1:04:12]} Rh7 {[%clk 0:14:08]} 60. Rc3 {[%clk 1:03:46]} 1-0